[Event "LGA Premium Cup"]
[Site "schach.lga.de"]
[Date "2004.09.10"]
[Round "1"]
[White "Buchal, Werner"]
[Black "Yin, Zixiao"]
[Result "0-1"]
[WhiteElo "1791"]
[BlackElo "1683"]
[PlyCount "66"]
[EventDate "2004.09.10"]
[SourceDate "2004.09.10"]

1. d4 b5 2. e4 Bb7 3. Nd2 a6 4. Ngf3 e6 5. Bd3 c5 6. c3 Nf6 7. O-O Nc6 8. Qe2
Be7 9. a3 Qb6 10. dxc5 Bxc5 11. Nb3 Be7 12. Be3 Qc7 13. h3 Ne5 14. Nxe5 Qxe5
15. Bd4 Qf4 16. Be3 Qe5 17. f4 Qc7 18. Bd4 d5 19. e5 Ne4 20. Qe3 g5 21. Bxe4
dxe4 22. fxg5 Rg8 23. h4 Bd5 24. Nd2 O-O-O 25. Bb6 Qc6 26. Bxd8 Bc5 27. Qd4
Rxd8 28. Kh1 Bxd4 29. cxd4 Qb6 30. Rac1+ Kb8 31. Rxf7 Qxd4 32. Nf1 e3 33. Ng3
Qxh4+ 0-1

[Event "LGA Premium Cup"]
[Site "schach.lga.de"]
[Date "2004.09.10"]
[Round "1"]
[White "Seyb, Alexander"]
[Black "Alsheimer, Patrick"]
[Result "1-0"]
[WhiteElo "1973"]
[BlackElo "1394"]
[PlyCount "67"]
[EventDate "2004.09.10"]
[SourceDate "2004.09.10"]

1. e4 c5 2. Nf3 Nc6 3. d4 cxd4 4. Nxd4 Nf6 5. Nc3 e5 6. Ndb5 d6 7. Bg5 a6 8.
Na3 b5 9. Bxf6 gxf6 10. Nd5 Bg7 11. c3 f5 12. Nxb5 axb5 13. Bxb5 Bd7 14. exf5
Qa5 15. f6 Bh6 16. b4 Qa7 17. Qh5 Bf4 18. Nxf4 exf4 19. O-O Ne5 20. Bxd7+ Qxd7
21. Rfe1 Qe6 22. Qh6 Qf5 23. Rad1 Kd7 24. Rd4 Ng6 25. Qg7 Ne5 26. Rde4 Nf3+ 27.
Kh1 Nxe1 28. Qxf7+ Kc6 29. Qc4+ Kb6 30. Qd4+ Kb5 31. c4+ Kc6 32. b5+ Kc7 33.
Re7+ Kc8 34. Qxd6 1-0

[Event "LGA Premium Cup"]
[Site "schach.lga.de"]
[Date "2004.09.10"]
[Round "1"]
[White "Babichev, Vyacheslav"]
[Black "Koch, Moritz"]
[Result "0-1"]
[WhiteElo "1716"]
[BlackElo "2244"]
[PlyCount "93"]
[EventDate "2004.09.10"]
[SourceDate "2004.09.10"]

1. c4 Nf6 2. Nc3 c5 3. Nf3 b6 4. e4 d6 5. Be2 Bb7 6. d3 e6 7. Bg5 Be7 8. Qd2
O-O 9. O-O a6 10. a4 h6 11. Be3 Ng4 12. Bf4 Nd7 13. h3 Nge5 14. Be3 Rc8 15.
Nxe5 dxe5 16. Rad1 Nb8 17. b3 Nc6 18. Na2 Nd4 19. Bxd4 Qxd4 20. Qc3 Rfd8 21.
Qxd4 Rxd4 22. Nc3 f5 23. f3 Bg5 24. Kh1 Be3 25. Kh2 Bc6 26. Rfe1 Rd7 27. Bf1
Bd4 28. Ne2 Bf2 29. Ng3 f4 30. Nh1 Bxe1 31. Rxe1 b5 32. cxb5 axb5 33. a5 Ra7
34. Rc1 Bd7 35. Ra1 b4 36. Nf2 Rca8 37. Ng4 Rxa5 38. Rxa5 Rxa5 39. Nxe5 Bb5 40.
Ng6 Ra1 41. Be2 Re1 42. Nxf4 e5 43. d4 Bxe2 44. dxe5 c4 45. bxc4 Bxc4 46. Nd5
Bxd5 47. exd5 0-1

[Event "LGA Premium Cup"]
[Site "schach.lga.de"]
[Date "2004.09.10"]
[Round "1"]
[White "Reiser, Wolfgang"]
[Black "Müller, Georg"]
[Result "1-0"]
[WhiteElo "2061"]
[BlackElo "1100"]
[PlyCount "55"]
[EventDate "2004.09.10"]
[SourceDate "2004.09.10"]

1. c4 e5 2. g3 Nf6 3. Bg2 Bc5 4. Nc3 O-O 5. e3 c6 6. Nge2 d5 7. cxd5 cxd5 8. d4
exd4 9. exd4 Bb4 10. O-O Nc6 11. Bg5 Bf5 12. Bxf6 Qxf6 13. Nxd5 Qd6 14. a3 Ba5
15. Ne3 Be6 16. d5 Bxd5 17. Qxd5 Qc7 18. Rfd1 Rad8 19. Qg5 Rxd1+ 20. Rxd1 Qb6
21. b4 Bxb4 22. axb4 Qxb4 23. Bxc6 bxc6 24. Nf5 g6 25. Nh6+ Kg7 26. Nf4 a5 27.
Nh5+ Kh8 28. Qf6# 1-0

[Event "LGA Premium Cup"]
[Site "schach.lga.de"]
[Date "2004.09.10"]
[Round "1"]
[White "Luther, Helmut"]
[Black "Schäfer, Erich"]
[Result "1-0"]
[WhiteElo "1999"]
[BlackElo "1440"]
[PlyCount "37"]
[EventDate "2004.09.10"]
[SourceDate "2004.09.10"]

1. d4 Nf6 2. Nf3 d6 3. c4 g6 4. Nc3 Bg7 5. e4 O-O 6. Be2 Nbd7 7. O-O c5 8. d5
Ng4 9. Ng5 Ndf6 10. f4 Nh5 11. Bxg4 Bd4+ 12. Kh1 Nf6 13. Bxc8 Qxc8 14. Ne2 h6
15. Nxd4 cxd4 16. e5 dxe5 17. fxe5 hxg5 18. exf6 exf6 19. Qxd4 1-0

[Event "LGA Premium Cup"]
[Site "schach.lga.de"]
[Date "2004.09.10"]
[Round "1"]
[White "Klein, Waldemar"]
[Black "Schäfer, Ann-Kathrin"]
[Result "1-0"]
[WhiteElo "2010"]
[BlackElo "1010"]
[PlyCount "93"]
[EventDate "2004.09.10"]
[SourceDate "2004.09.10"]

1. c4 e5 2. g3 Nf6 3. Bg2 d5 4. d3 Bc5 5. cxd5 Nxd5 6. Nc3 Bb4 7. Bd2 Be6 8.
Nf3 Nc6 9. O-O O-O 10. Ng5 Nxc3 11. bxc3 Be7 12. Nxe6 fxe6 13. Qb3 Qd6 14. Qxb7
Na5 15. Qb5 c6 16. Qxa5 Bd8 17. Qa4 Bb6 18. Qxc6 Qd8 19. Qxa8 Qxa8 20. Bxa8
Rxa8 21. Rab1 Ba5 22. Rb5 Bc7 23. Rb7 Bd6 24. Rfb1 a6 25. c4 h6 26. Bb4 Rd8 27.
Bxd6 Rxd6 28. Re7 Kf8 29. Rbb7 Kg8 30. Rxg7+ Kf8 31. Rbd7 Rxd7 32. Rxd7 Ke8 33.
Rh7 e4 34. dxe4 e5 35. f4 exf4 36. gxf4 a5 37. c5 Kd8 38. c6 a4 39. c7+ Kc8 40.
f5 Kb7 41. f6 Kc8 42. f7 Kb7 43. f8=Q Kc6 44. Qf5 a3 45. Rxh6+ Kxc7 46. Qf7+
Kd8 47. Rh8# 1-0

[Event "LGA Premium Cup"]
[Site "schach.lga.de"]
[Date "2004.09.10"]
[Round "1"]
[White "Stutz, Robert"]
[Black "Steppuhn, Thomas"]
[Result "0-1"]
[WhiteElo "1686"]
[BlackElo "1923"]
[PlyCount "36"]
[EventDate "2004.09.10"]
[SourceDate "2004.09.10"]

1. e4 e6 2. d4 b6 3. d5 Bb7 4. c4 Bb4+ 5. Nc3 f5 6. a3 Bxc3+ 7. bxc3 fxe4 8.
dxe6 Nf6 9. exd7+ Nbxd7 10. Be3 O-O 11. Be2 Qe7 12. Nh3 Rad8 13. Qc2 Ne5 14.
O-O Nf3+ 15. Kh1 Ng4 16. gxf3 exf3 17. Ng5 fxe2+ 18. Kg1 exf1=Q+ 0-1

[Event "LGA Premium Cup"]
[Site "schach.lga.de"]
[Date "2004.09.10"]
[Round "1"]
[White "Riexinger, Martin"]
[Black "Thürauf, Peter"]
[Result "0-1"]
[WhiteElo "1422"]
[BlackElo "1999"]
[PlyCount "50"]
[EventDate "2004.09.10"]
[SourceDate "2004.09.10"]

1. d4 Nf6 2. c4 g6 3. Nc3 Bg7 4. e4 d6 5. Bg5 O-O 6. Nf3 c6 7. b3 Qa5 8. Bd2
Qc7 9. Bf4 Nh5 10. Be3 e5 11. d5 c5 12. Nb5 Qd8 13. Be2 a6 14. Nc3 f5 15. Ng5
f4 16. Bxh5 Qxg5 17. Bd2 gxh5 18. g3 Qg4 19. f3 Qh3 20. Kf2 Bf6 21. Qg1 Kh8 22.
Ne2 Rg8 23. Qc1 h6 24. Ng1 fxg3+ 25. Ke2 Qg2+ 0-1

[Event "LGA Premium Cup"]
[Site "schach.lga.de"]
[Date "2004.09.10"]
[Round "1"]
[White "Monninger, Moritz"]
[Black "Niederkleine, Ingmar"]
[Result "1-0"]
[WhiteElo "2011"]
[BlackElo "1577"]
[PlyCount "77"]
[EventDate "2004.09.10"]
[SourceDate "2004.09.10"]

1. Nc3 Nf6 2. d4 d5 3. Bf4 c5 4. e3 e6 5. Nf3 Nc6 6. Nb5 e5 7. Nxe5 Qa5+ 8. c3
c4 9. a4 Nd8 10. Bxc4 Ne6 11. Bd3 a6 12. Na3 Nxf4 13. exf4 Bd6 14. O-O O-O 15.
Nc2 Qc7 16. Ne3 Be6 17. Qf3 Rad8 18. f5 Bc8 19. N3g4 Nxg4 20. Nxg4 b6 21. Rfe1
f6 22. Qxd5+ Kh8 23. Qf3 Bb7 24. Be4 Bxe4 25. Rxe4 Rfe8 26. Rae1 Qc6 27. Rxe8+
Rxe8 28. Rxe8+ Qxe8 29. Ne3 Bf8 30. Qb7 Qxa4 31. Qxb6 Qa1+ 32. Nf1 a5 33. Qb8
Kg8 34. Qb3+ Kh8 35. Qf7 h6 36. Qxf8+ Kh7 37. d5 Qxb2 38. d6 Qa3 39. Qb8 1-0

[Event "LGA Premium Cup"]
[Site "schach.lga.de"]
[Date "2004.09.10"]
[Round "1"]
[White "Zeug, Klaus-Peter"]
[Black "Nägelein, Franz Albert"]
[Result "0-1"]
[WhiteElo "1510"]
[BlackElo "2045"]
[PlyCount "54"]
[EventDate "2004.09.10"]
[SourceDate "2004.09.10"]

1. e4 Nf6 2. e5 Nd5 3. d4 d6 4. Nf3 Bf5 5. Bd2 dxe5 6. dxe5 e6 7. Bc4 Bc5 8.
O-O c6 9. Bg5 Qc7 10. Qd2 Nd7 11. Re1 h6 12. Bh4 g5 13. Bg3 O-O-O 14. a3 N7b6
15. Qe2 Be7 16. Bb3 Bc5 17. Nbd2 Rdg8 18. c4 Ne7 19. Ne4 Bxe4 20. Qxe4 Nf5 21.
Rad1 h5 22. Nxg5 Rxg5 23. Bh4 Rg4 24. Qf3 Nxh4 25. Qf6 Rhg8 26. g3 Nf5 27. Bc2
R4g6 0-1

[Event "LGA Premium Cup"]
[Site "schach.lga.de"]
[Date "2004.09.10"]
[Round "1"]
[White "Stadler, Simon"]
[Black "Reuschl, Sebastian"]
[Result "1-0"]
[WhiteElo "2179"]
[BlackElo "1695"]
[PlyCount "59"]
[EventDate "2004.09.10"]
[SourceDate "2004.09.10"]

1. d4 Nf6 2. c4 e5 3. dxe5 Ng4 4. Bf4 Bb4+ 5. Nd2 Nc6 6. Ngf3 Qe7 7. e3 Ngxe5
8. Nxe5 Nxe5 9. a3 Bxd2+ 10. Qxd2 d6 11. Be2 Ng6 12. Bg3 Be6 13. O-O O-O 14.
Rac1 Rfd8 15. Qb4 c5 16. Qc3 Rac8 17. Bf3 d5 18. cxd5 Bxd5 19. Bxd5 Rxd5 20.
Rfd1 Qd7 21. Rxd5 Qxd5 22. Qc4 Qc6 23. Rd1 Nf8 24. h3 Ne6 25. Rd6 Qe8 26. Qd5
b6 27. Qb7 Ng5 28. Rd7 a5 29. h4 Ne6 30. Rxf7 1-0

[Event "LGA Premium Cup"]
[Site "schach.lga.de"]
[Date "2004.09.10"]
[Round "1"]
[White "Vogiatzis, Dimitrios"]
[Black "Balhar, Michael"]
[Result "1-0"]
[WhiteElo "2065"]
[BlackElo "1584"]
[PlyCount "65"]
[EventDate "2004.09.10"]
[SourceDate "2004.09.10"]

1. e4 e6 2. Nf3 d5 3. e5 c5 4. b4 Bd7 5. bxc5 Bxc5 6. d4 Bb4+ 7. c3 Ba5 8. Bd3
Ne7 9. a4 a6 10. O-O O-O 11. Bxh7+ Kxh7 12. Ng5+ Kg6 13. Qg4 f5 14. exf6 e5 15.
Ne6+ Kxf6 16. dxe5+ Kxe5 17. Re1+ Kd6 18. Ba3+ Kc6 19. Nxd8+ Bxd8 20. Qxg7 Rg8
21. Qf6+ Kc7 22. Bxe7 Bxe7 23. Rxe7 Nc6 24. Qf4+ Kd8 25. Rf7 Re8 26. Nd2 Ne5
27. Qf6+ Kc7 28. Qf4 Re6 29. Nf3 Rae8 30. Nxe5 Rxe5 31. Re1 Kd6 32. Rxe5 Rxe5
33. Rxd7+ 1-0

[Event "LGA Premium Cup"]
[Site "schach.lga.de"]
[Date "2004.09.10"]
[Round "1"]
[White "Birkmann, Günter"]
[Black "Grimm, Pascal"]
[Result "1-0"]
[WhiteElo "2070"]
[BlackElo "1622"]
[PlyCount "71"]
[EventDate "2004.09.10"]
[SourceDate "2004.09.10"]

1. Nf3 Nf6 2. c4 g6 3. d4 d6 4. g3 Bg7 5. Bg2 O-O 6. O-O Nbd7 7. Qc2 c5 8. Rd1
Re8 9. d5 a6 10. Nc3 Rb8 11. a4 b6 12. Rb1 Qc7 13. b3 Ng4 14. Bb2 Nge5 15. Ne1
Nf8 16. h3 Ned7 17. e4 Nf6 18. Nd3 e5 19. f4 N8d7 20. Rf1 Nh5 21. Kh2 Qd8 22.
Qf2 exf4 23. gxf4 Bd4 24. Qf3 Qh4 25. Ne2 Bxb2 26. Rxb2 Ndf6 27. e5 Bg4 28. Qf2
Qxf2 29. Rxf2 Bxe2 30. Rbxe2 dxe5 31. fxe5 Nd7 32. Bf3 Ng7 33. Bg4 Rbd8 34.
Bxd7 Rxd7 35. Rf6 Rb7 36. a5 1-0

[Event "LGA Premium Cup"]
[Site "schach.lga.de"]
[Date "2004.09.10"]
[Round "1"]
[White "Leis, Stefan"]
[Black "Brem, Stephan"]
[Result "0-1"]
[WhiteElo "1067"]
[BlackElo "2158"]
[PlyCount "70"]
[EventDate "2004.09.10"]
[SourceDate "2004.09.10"]

1. e4 c5 2. Nf3 d6 3. d4 cxd4 4. Nxd4 Nf6 5. Nc3 e6 6. Bg5 Nc6 7. Bb5 Qc7 8.
Bxf6 gxf6 9. Qf3 Bd7 10. Nxc6 bxc6 11. Ba4 Be7 12. Qg3 O-O-O 13. Bb3 Rhg8 14.
Qf3 d5 15. O-O-O Qe5 16. g3 d4 17. Ne2 c5 18. c3 Bc6 19. Bc2 f5 20. Qg2 Bg5+
21. f4 Bxf4+ 22. Nxf4 Qxf4+ 23. gxf4 Rxg2 24. cxd4 Rxc2+ 25. Kxc2 Bxe4+ 26. Kc1
Bxh1 27. Rxh1 Rxd4 28. Rf1 Kd7 29. Kc2 Kd6 30. Kc3 Kd5 31. a3 a5 32. h4 Ke4 33.
b4 axb4+ 34. axb4 cxb4+ 35. Kc2 Ke3 0-1

[Event "LGA Premium Cup"]
[Site "schach.lga.de"]
[Date "2004.09.10"]
[Round "1"]
[White "Nägelein, Andreas"]
[Black "Sha, Siyu"]
[Result "1-0"]
[WhiteElo "1966"]
[BlackElo "1279"]
[PlyCount "45"]
[EventDate "2004.09.10"]
[SourceDate "2004.09.10"]

1. d4 d5 2. g3 Nf6 3. Bg2 e6 4. Bg5 h6 5. Bxf6 Qxf6 6. c3 c5 7. e3 Nc6 8. Ne2
b6 9. O-O Ba6 10. Qa4 Bb7 11. c4 Rd8 12. Nbc3 Be7 13. Bxd5 exd5 14. Nxd5 Qd6
15. Rfd1 Rc8 16. dxc5 Qxc5 17. b4 Qxc4 18. Nd4 Qa6 19. Qxa6 Bxa6 20. Nxc6 Rxc6
21. Nxe7 Rc2 22. Nc6 Bb7 23. Rd8# 1-0

[Event "LGA Premium Cup"]
[Site "schach.lga.de"]
[Date "2004.09.10"]
[Round "1"]
[White "Lingl, Xenia"]
[Black "Lodes, Hermann"]
[Result "1-0"]
[WhiteElo "1217"]
[BlackElo "2079"]
[PlyCount "42"]
[EventDate "2004.09.10"]
[SourceDate "2004.09.10"]

1. e4 c6 2. d4 d5 3. e5 Bf5 4. Nf3 e6 5. Bf4 Qb6 6. b3 c5 7. c4 cxd4 8. Nxd4
Bb4+ 9. Ke2 dxc4 10. bxc4 Nc6 11. Nxc6 Qxc6 12. Qb3 a5 13. Nc3 Rd8 14. Ke1 Qe4+
15. Be3 Qxe5 16. Rc1 Nf6 17. g3 Ne4 18. Bg2 Bxc3+ 19. Ke2 Bb4 20. Qa4+ Ke7 21.
Qb3 Nc5 1-0

[Event "LGA Premium Cup"]
[Site "schach.lga.de"]
[Date "2004.09.10"]
[Round "1"]
[White "Kaspar, Willi"]
[Black "Rösch, Daniel"]
[Result "1-0"]
[WhiteElo "2035"]
[BlackElo "1473"]
[PlyCount "37"]
[EventDate "2004.09.10"]
[SourceDate "2004.09.10"]

1. e4 d6 2. f4 g6 3. Nf3 c6 4. Bc4 Bg7 5. O-O Nf6 6. Nc3 O-O 7. d4 b5 8. Bd3 b4
9. Ne2 Bg4 10. Qe1 Qb6 11. Bd2 a5 12. Qh4 Re8 13. f5 Bxf3 14. Rxf3 Nh5 15. fxg6
Bxd4+ 16. Nxd4 Qxd4+ 17. Be3 Qxb2 18. gxf7+ Kf8 19. fxe8=Q+ 1-0

[Event "LGA Premium Cup"]
[Site "schach.lga.de"]
[Date "2004.09.10"]
[Round "1"]
[White "Horstmann, Uwe"]
[Black "Zier, Oliver"]
[Result "1-0"]
[WhiteElo "1839"]
[BlackElo "1444"]
[PlyCount "35"]
[EventDate "2004.09.10"]
[SourceDate "2004.09.10"]

1. e4 c5 2. Nc3 Nc6 3. g3 g6 4. Bg2 Bg7 5. d3 e6 6. Be3 d6 7. Qd2 Nge7 8. Bh3
Bd4 9. Nge2 f5 10. Nxd4 Nxd4 11. Ne2 Nec6 12. O-O Bd7 13. c3 Nxe2+ 14. Qxe2 Ne5
15. exf5 gxf5 16. Bg2 Rg8 17. Qh5+ Nf7 18. Qxh7 1-0

[Event "LGA Premium Cup"]
[Site "schach.lga.de"]
[Date "2004.09.10"]
[Round "1"]
[White "Werner, Thomas"]
[Black "GM Prusikin, Michael"]
[Result "0-1"]
[WhiteElo "1837"]
[BlackElo "2517"]
[PlyCount "120"]
[EventDate "2004.09.10"]
[SourceDate "2004.09.10"]

1. d4 Nf6 2. Nf3 c5 3. Bg5 Ne4 4. Bh4 cxd4 5. Qxd4 d5 6. Nc3 Nc6 7. Qxd5 Nxc3
8. Qxd8+ Nxd8 9. bxc3 f6 10. e4 e5 11. Bb5+ Bd7 12. Bxd7+ Kxd7 13. O-O-O+ Kc6
14. Kb2 Ne6 15. Nd2 h5 16. f3 Nf4 17. Bf2 Nxg2 18. Nc4 Nf4 19. Rhg1 Be7 20. Ne3
Rad8 21. c4 Rxd1 22. Rxd1 Bc5 23. Rd2 Nh3 24. Nd1 Nxf2 25. Nxf2 Bxf2 26. Rxf2
Rd8 27. c3 Kc5 28. Kb3 g5 29. h4 gxh4 30. Rh2 Rh8 31. Rxh4 Rh6 32. Kc2 Kxc4 33.
f4 Rg6 34. fxe5 Rg2+ 35. Kd1 fxe5 36. Rxh5 Kd3 37. Kc1 Kxc3 38. Rh3+ Kd4 39.
Ra3 a6 40. Ra4+ Kd3 41. Kb1 Re2 42. Ra3+ Kxe4 43. Rb3 b5 44. Ra3 Kd4 45. Rxa6
e4 46. a4 bxa4 47. Rxa4+ Kc3 48. Ra3+ Kd2 49. Ra8 Re3 50. Ra2+ Kd1 51. Ra4 Re1
52. Rd4+ Ke2+ 53. Kc2 e3 54. Rd8 Rh1 55. Re8 Rh7 56. Kc3 Rc7+ 57. Kd4 Kd2 58.
Rh8 e2 59. Rh2 Kd1 60. Rxe2 Kxe2 0-1